000 00582nam a2200229Ia 4500
003 OSt
005 20220918220059.0
006 a|||||r|||| 00| 0
007 ta
008 220917b |||||||| |||| 00| 0 eng d
024 _a144,345
037 _cTextual
040 _aARTS
_cARTS
_beng
041 _2eng
_aeng
082 _aY172:1:1, H9(906)
100 _aLowie Robert H
_972330
245 0 _aPrimitive society
260 _aNA
_bNA
_c1949
650 _aSOCIOLOGY
942 _hY172:1:1, H9(906)
_cTEXL
_2CC
999 _c267259
_d267259